50 lieux dans Harry Potter - Statistiques

Statistiques générales
  • Ce quiz a été pris 225 fois
  • Le résultat moyen est 17 sur 50
Statistiques - réponses
# Réponse % Correct
1 4 Privet Drive, Little Whinging
73%
11 Pré au Lard
66%
4 Chemin De Traverse
65%
6 Ministère de la Magie
64%
50 Forêt Interdite
61%
2 Terrier
61%
36 Salle sur demande
59%
25 Gringotts
58%
37 Chambre des secrets
57%
33 Cabane Hurlante
55%
29 Chez Ollivander
55%
35 Grande Salle
55%
39 Salles Communes
54%
23 Chaudron Baveur
47%
48 Terrain de Quidditch
45%
14 Godric's Hollow
43%
42 Bureau du directeur
41%
22 Trois Balais
41%
8 Azkaban
40%
7 King's Cross
39%
38 Cabane de Hagrid
36%
32 Zonko
35%
5 Allée des embrumes
34%
24 Tête de Sanglier
34%
26 Barjow et Beurk
32%
20 Manoir des Malefoy
32%
27 Fleury et Bott
31%
49 Lac de Poudlard
31%
31 Honeydukes
30%
18 Chaumière aux Coquillages
26%
3 12 Square Grimmaud
25%
41 Bibliothèque
24%
10 Sainte Mangouste
23%
40 Cuisines de Poudlard
20%
44 Infirmerie
20%
28 Farces pour sorciers facétieux
19%
43 Toilettes de Mimi Geignarde
19%
12 Little Hangleton
16%
17 Forêt de Dean
15%
45 Serres
15%
46 Volière
14%
34 Saule Cogneur
13%
19 Impasse du Tisseur
11%
9 Nurmengard
6%
16 Orphelinat Wool
6%
13 Budly Babberton
4%
21 Maison des Jeux du Sort
4%
30 Au royaume du Hibou
3%
47 Hangar à bateaux
2%
15 St Brutus
1%
Aucun quiz correspondant
Distribution des résultats
% des personnes avec chaque résultat
Percentile par nombre de réponses
Votre historique - résultats
Vous n’avez pas pris ce quiz